The noble scholar, jurist, historian


 His Excellency Dr. Abdul Wahhab bin Ibrahim Abu Sulaiman, may Allah have mercy on him.


 He was born in Umm Al-Qura in the year 1356 AH.

الإصابة في تمييز الصحابة / (Record no. 878)

MARC details
000 -LEADER
fixed length control field 01464cam a22002651i 4500
003 - CONTROL NUMBER IDENTIFIER
control field SA-RiAUC
005 - DATE AND TIME OF LATEST TRANSACTION
control field 20241005152939.0
008 - FIXED-LENGTH DATA ELEMENTS--GENERAL INFORMATION
fixed length control field 241001s1939 le g 000 0cara c
040 ## - CATALOGING SOURCE
Original cataloging agency SA-JeALM
Language of cataloging ara
Transcribing agency SA-RiAUC
Description conventions rda
082 04 - DEWEY DECIMAL CLASSIFICATION NUMBER
Classification number 239.9
090 ## - LOCALLY ASSIGNED LC-TYPE CALL NUMBER (OCLC); LOCAL CALL NUMBER (RLIN)
Classification number (OCLC) (R) ; Classification number, CALL (RLIN) (NR) 239.9
Local cutter number (OCLC) ; Book number/undivided call number, CALL (RLIN) ا ب ن ح
100 1# - MAIN ENTRY--PERSONAL NAME
Personal name ابن حجر العسقلاني، أحمد بن علي بن محمد،
Dates associated with a name 773-852 هجري
Relator term مؤلف.
245 12 - TITLE STATEMENT
Title الإصابة في تمييز الصحابة /
Statement of responsibility, etc. شهاب الدين أحمد بن علي بن محمد بن محمد بن علي الكناني العسقلاني الشافعي المعروف بابن حجر العسقلاني. بهامشه الاستيعاب في أسماء الأصحاب / لابن عبد البر.
264 #1 - PRODUCTION, PUBLICATION, DISTRIBUTION, MANUFACTURE, AND COPYRIGHT NOTICE
Place of production, publication, distribution, manufacture القاهرة :
Name of producer, publisher, distributor, manufacturer المكتبة التجارية الكبرى،
Date of production, publication, distribution, manufacture, or copyright notice 1939
300 ## - PHYSICAL DESCRIPTION
Extent 4 مجلد ؛
Dimensions 24 سم
336 ## - CONTENT TYPE
Content type term نص
Content type code txt
Source rdacontent
Materials specified كتاب
337 ## - MEDIA TYPE
Media type term بدون وسيط
Media type code n
Source rdamedia
338 ## - CARRIER TYPE
Carrier type term مجلد
Carrier type code nc
Source rdacarrier
562 ## - COPY AND VERSION IDENTIFICATION NOTE
Identifying markings قوبلت هذه الطبعة على عدة نسخ خطية بدار الكتب الخطية.
650 #7 - SUBJECT ADDED ENTRY--TOPICAL TERM
Topical term or geographic name entry element الصحابة والتابعون
Form subdivision تراجم
Source of heading or term aucsh
700 12 - ADDED ENTRY--PERSONAL NAME
Personal name ابن عبد البر، يوسف بن عبد الله بن محمد،
Dates associated with a name 368-463 هجري.
Title of a work الاستيعاب في معرفة الأصحاب
740 22 - ADDED ENTRY--UNCONTROLLED RELATED/ANALYTICAL TITLE
Uncontrolled related/analytical title الاستيعاب في أسماء الأصحاب.
942 ## - ADDED ENTRY ELEMENTS (KOHA)
Source of classification or shelving scheme Dewey Decimal Classification
Koha item type كتاب نادر
Suppress in OPAC No
949 ## - LOCAL PROCESSING INFORMATION (OCLC)
a SA-JeALM
d 241001
u mohamedma123
n 1
Holdings
Withdrawn status Lost status Source of classification or shelving scheme Materials specified (bound volume or other part) Damaged status Not for loan Home library Current library Date acquired Total checkouts Full call number Barcode Date last seen Price effective from Koha item type
    Dewey Decimal Classification المجلد الاول     DR AbdElwahab Library DR AbdElwahab Library 10/05/2024   ن 239.9 ا ب ن ح 000001329 10/05/2024 10/05/2024 كتاب نادر
    Dewey Decimal Classification المجلد الثاني     DR AbdElwahab Library DR AbdElwahab Library 10/05/2024   ن 239.9 ا ب ن ح 000001330 10/05/2024 10/05/2024 كتاب نادر